<?xml version="1.0" encoding="UTF-8"?>
<record
    xmlns:xsi="http://www.w3.org/2001/XMLSchema-instance"
    xsi:schemaLocation="http://www.loc.gov/MARC21/slim http://www.loc.gov/standards/marcxml/schema/MARC21slim.xsd"
    xmlns="http://www.loc.gov/MARC21/slim">

  <leader>01131nam a22002417a 4500</leader>
  <controlfield tag="001">BR2024004421</controlfield>
  <controlfield tag="003">BR-BrBNA</controlfield>
  <controlfield tag="005">20241227151023.0</controlfield>
  <controlfield tag="008">241227b        bl.||||| |||| 00| 0 por d</controlfield>
  <datafield tag="040" ind1=" " ind2=" ">
    <subfield code="a">BR-BrBNA</subfield>
    <subfield code="b">por</subfield>
  </datafield>
  <datafield tag="041" ind1=" " ind2=" ">
    <subfield code="a">por</subfield>
  </datafield>
  <datafield tag="072" ind1=" " ind2=" ">
    <subfield code="a">A50</subfield>
  </datafield>
  <datafield tag="090" ind1=" " ind2=" ">
    <subfield code="a">A50</subfield>
    <subfield code="b">BR2024004421</subfield>
  </datafield>
  <datafield tag="110" ind1=" " ind2=" ">
    <subfield code="4">aut.</subfield>
    <subfield code="a">Minist&#xE9;rio da agricultura ind&#xFA;stria e comercio :</subfield>
  </datafield>
  <datafield tag="245" ind1=" " ind2=" ">
    <subfield code="a">Servi&#xE7;o de inspec&#xE7;&#xE3;o e Defesa Agricula :</subfield>
    <subfield code="b">Questionarios sobre as Condi&#xE7;&#xF5;es da Agricultura dos 84 Municipios do Estado do Ceara /</subfield>
  </datafield>
  <datafield tag="260" ind1=" " ind2=" ">
    <subfield code="a">Rio de Janeiro, RJ (Brasil) :</subfield>
    <subfield code="b">Typ. do Servi&#xE7;o de Estatistica, </subfield>
    <subfield code="c">1913.</subfield>
  </datafield>
  <datafield tag="300" ind1=" " ind2=" ">
    <subfield code="a">308 p.</subfield>
  </datafield>
  <datafield tag="520" ind1=" " ind2=" ">
    <subfield code="a">levantamento realizado para analisar as condi&#xE7;&#xF5;es agr&#xED;colas no Cear&#xE1;, abordando temas como tipos de cultivos, infraestrutura rural, t&#xE9;cnicas agr&#xED;colas e desafios enfrentados pelos produtores, especialmente em rela&#xE7;&#xE3;o &#xE0;s secas buscando fornecer dados para entender a realidade agr&#xE1;ria da regi&#xE3;o e apoiar pol&#xED;ticas p&#xFA;blicas para o desenvolvimento rural no estado.</subfield>
  </datafield>
  <datafield tag="650" ind1=" " ind2=" ">
    <subfield code="a">Agricultura</subfield>
  </datafield>
  <datafield tag="650" ind1=" " ind2=" ">
    <subfield code="a">Agricultura Intensiva</subfield>
  </datafield>
  <datafield tag="909" ind1=" " ind2=" ">
    <subfield code="a">202412</subfield>
    <subfield code="b">Martins</subfield>
  </datafield>
  <datafield tag="942" ind1=" " ind2=" ">
    <subfield code="c">BK</subfield>
  </datafield>
  <datafield tag="999" ind1=" " ind2=" ">
    <subfield code="c">329461</subfield>
    <subfield code="d">329461</subfield>
  </datafield>
  <datafield tag="952" ind1=" " ind2=" ">
    <subfield code="0">2</subfield>
    <subfield code="2">AGRIS</subfield>
    <subfield code="4">0</subfield>
    <subfield code="7">0</subfield>
    <subfield code="8">OBRAS RARAS</subfield>
    <subfield code="a">41918</subfield>
    <subfield code="b">41918</subfield>
    <subfield code="c">AGROBASE OR	</subfield>
    <subfield code="l">0</subfield>
    <subfield code="o">A50 BR2024004421 OBR</subfield>
    <subfield code="p">2024-8530</subfield>
    <subfield code="r">2024-12-27</subfield>
    <subfield code="y">BK</subfield>
  </datafield>
</record>
